| 000 | 00669nam a2200193 i 4500 | ||
|---|---|---|---|
| 001 | 48452 | ||
| 003 | ES-MaACL | ||
| 005 | 20250822063119.0 | ||
| 007 | t| | ||
| 008 | 950719s1847 fr ||||1| fre d | ||
| 040 |
_aCAM _bspa _cCAM |
||
| 100 | 1 |
_aDegousée, Joseph, _d1795-1862 _943227 |
|
| 245 | 1 | 0 |
_aGuide du sondeur ou traité théorique et pratique des sondages / _cpar J. Degousée. |
| 260 |
_aParis : _bLanglois et Leclercq, _c1847 ( _fimprimerie de Gustave Gratiot) |
||
| 300 |
_a2 v. (504 p., 34 h. lám. dobles, 3 de ellas pleg.) ; _c22 cm. |
||
| 650 | 4 |
_aPerforación y sondeo. _9159769 |
|
| 852 |
_aES-MaACL _jG-5914-15 |
||
| 999 |
_c48452 _d48452 |
||